[Event "AUTO-OPEN-4638"]
[Site "http://www.queenalice.com/game.php?id=1869067"]
[Date "2026.2.10"]
[Round "1"]
[White "EduardoRo"]
[Black "dosoldini"]
[Result "1-0"]
[WhiteElo "1098"]
[BlackElo "1694"]

1. e4 e5 2. Nf3 Nc6 3. Bc4 Bc5 4. O-O h6 5. c3 Nf6 6. d3 d6 7. Nbd2 a6 8. b4 Bb6
9. Re1 Ng4 10. h3 Bxf2+ 11. Kf1 Bxe1 12. Qxe1 Nf6 13. Qg3 Nh5 14. Qf2 Ne7 15.
Nxe5 O-O 16. Ndf3 d5 17. exd5 f6 18. d6+ Kh7 19. dxe7 Qxe7 20. Ng4 Bxg4 21. hxg4
1-0

[Event "AUTO-OPEN-4638"]
[Site "http://www.queenalice.com/game.php?id=1869068"]
[Date "2026.2.10"]
[Round "1"]
[White "dosoldini"]
[Black "EduardoRo"]
[Result "0-1"]
[WhiteElo "1694"]
[BlackElo "1098"]

1. e4 e5 2. Nf3 Nc6 3. a3 Nf6 4. Nc3 Bc5 5. Bc4 O-O 6. h3 d6 7. Qe2 a6 8. d3 b5
9. Bb3 Bd7 10. Bg5 Bd4 11. Nd1 h6 12. Bd2 a5 13. c3 Bb6 14. c4 bxc4 15. Bxc4 Nd4
16. Nxd4 exd4 17. Qf3 Ba4 18. b3 Bc6 19. Qg3 Kh8 20. e5 dxe5 21. Qxe5 Bxg2 22.
Rg1 Bxh3 23. Qg3 Re8+ 0-1

[Event "AUTO-OPEN-4638"]
[Site "http://www.queenalice.com/game.php?id=1869069"]
[Date "2026.2.10"]
[Round "1"]
[White "EduardoRo"]
[Black "Shizumaru_Hisame"]
[Result "0-1"]
[WhiteElo "1255"]
[BlackElo "1907"]

1. e4 d5 2. d4 dxe4 3. Nc3 Nf6 4. Bf4 a6 5. g3 Bd7 6. Bg2 Bc6 7. Nh3 e6 8. O-O
g6 9. Bg5 e3 10. Bxc6+ Nxc6 11. fxe3 Be7 12. Bh6 Qd6 13. Bg7 Rg8 14. Bxf6 O-O-O
15. Ne4 Qd7 16. Bxe7 Qxe7 17. Nhg5 Rg7 18. Nf6 h6 19. Nge4 e5 20. Qg4+ Kb8 21.
Nc5 Ka8 22. Qe4 Rd6 23. dxe5 Qxe5 24. Qxe5 Nxe5 25. Rad1 Rc6 26. b4 Ka7 27. Ne8
Rg8 28. Rd8 f5 29. Rfd1 Nf7 30. Rc8 Nd6 31. Rd8 Nxe8 32. R1d7 Nf6 33. Rxg8 Nxg8
34. c4 Nf6 35. Re7 Ng4 36. a4 Kb8 37. h3 Nf6 38. e4 fxe4 39. Kf2 Kc8 40. Ke3 b6
41. Nxe4 Rxc4 42. Nxf6 Rxb4 43. Re8+ Kb7 44. Ne4 Rxa4 45. Kf4 Ra1 46. Ke5 Rh1
47. h4 a5 48. Rg8 g5 49. hxg5 hxg5 50. Rxg5 a4 51. Nf2 Re1+ 52. Kd4 a3 53. Nd3
Rd1 54. Kc3 a2 55. Nf2 a1=Q+ 56. Kc2 Qc1+ 57. Kb3 Qe3+ 58. Kc2 Rd2+ 59. Kb1 Qe1+
0-1

[Event "AUTO-OPEN-4638"]
[Site "http://www.queenalice.com/game.php?id=1869070"]
[Date "2026.2.10"]
[Round "1"]
[White "Shizumaru_Hisame"]
[Black "EduardoRo"]
[Result "0-1"]
[WhiteElo "1971"]
[BlackElo "1143"]

1. e4 e5 2. Bc4 Nf6 3. d3 Bc5 4. f4 Nc6 5. Nf3 d6 6. h3 O-O 7. f5 a6 8. a3 b5 9.
Ba2 d5 10. Qe2 dxe4 11. dxe4 Qe7 12. Bd2 Bd4 13. Bc3 Bxc3+ 14. Nxc3 Rd8 15. Bd5
Bb7 16. O-O-O Rab8 17. g4 Nd4 18. Nxd4 exd4 19. Rxd4 c6 20. Bxf7+ Qxf7 21. Rxd8+
Rxd8 22. g5 Ne8 23. h4 a5 24. b4 axb4 25. axb4 Nd6 26. h5 Nc4 27. g6 Qf6 28. Rh3
Qg5+ 29. Kb1 Na3+ 30. Kb2 Nc4+ 31. Kb3 Qc1 0-1

[Event "AUTO-OPEN-4639"]
[Site "http://www.queenalice.com/game.php?id=1869431"]
[Date "2026.2.18"]
[Round "1"]
[White "EduardoRo"]
[Black "SGF"]
[Result "0-1"]
[WhiteElo "1091"]
[BlackElo "1781"]

1. e4 e5 2. Nf3 Qf6 3. Nc3 c6 4. d4 d6 5. Bc4 b5 6. Bg5 Qg6 7. O-O bxc4 8. dxe5
h6 9. Bh4 Bg4 10. exd6 Nd7 11. h3 Bxf3 12. Qxf3 Bxd6 13. Rfe1 Ne5 14. Qe2 h5 15.
f4 Nd7 16. e5 Bc5+ 17. Bf2 Bxf2+ 18. Qxf2 Ne7 19. b4 h4 20. b5 cxb5 21. Nxb5 Nd5
22. Nc7+ Nxc7 23. f5 Qb6 24. Qxb6 Nxb6 25. f6 gxf6 26. exf6+ Ne6 27. Rad1 O-O
28. Re4 Rad8 29. Rxd8 Rxd8 30. a3 Rd1+ 31. Kh2 Rd2 32. Rxh4 Rxc2 33. Rg4+ Kf8
34. Rh4 Rc3 0-1

[Event "AUTO-OPEN-4639"]
[Site "http://www.queenalice.com/game.php?id=1869432"]
[Date "2026.2.18"]
[Round "1"]
[White "SGF"]
[Black "EduardoRo"]
[Result "1-0"]
[WhiteElo "1783"]
[BlackElo "1087"]

1. e4 e5 2. Qf3 Nf6 3. d3 Bc5 4. Be2 O-O 5. Qg3 g6 6. h4 d6 7. h5 Nbd7 8. Bg5 c6
9. hxg6 fxg6 10. Qh4 b5 11. Bg4 Bd4 12. Bxd7 Bxd7 13. Bxf6 Rxf6 14. Qxh7+ Kf8
15. Nf3 Be6 16. Qh8+ Ke7 17. Rh7+ Rf7 18. Rxf7+ Bxf7 19. Qg7 Qg8 20. Qxg8 Rxg8
21. Ng5 Rh8 22. Kd2 Bxf2 23. Nc3 Rh5 24. Nxf7 Kxf7 25. a4 a6 26. axb5 axb5 27.
Rf1 b4 28. Rxf2+ Ke6 29. Na4 c5 30. c4 Rh2 31. b3 g5 32. Ke3 g4 33. g3 Rxf2 34.
Kxf2 Kd7 35. Nb2 Ke6 36. Nd1 Kf6 37. Ne3 Kg5 38. Nf5 Kf6 39. Nxd6 1-0

[Event "AUTO-OPEN-4639"]
[Site "http://www.queenalice.com/game.php?id=1869433"]
[Date "2026.2.18"]
[Round "1"]
[White "EduardoRo"]
[Black "bmax"]
[Result "0-1"]
[WhiteElo "1098"]
[BlackElo "2245"]

1. e4 c6 2. d4 d5 3. e5 Bf5 4. Nf3 e6 5. Nbd2 Nd7 6. Be2 c5 7. c3 Ne7 8. O-O Nc6
9. dxc5 Bxc5 10. b4 Bb6 11. Bb2 O-O 12. Nh4 Qxh4 13. Nf3 Qe7 14. a4 Ndxe5 15.
Nxe5 Nxe5 16. a5 Bc7 17. Bh5 Qh4 18. Bf3 Nxf3+ 0-1

[Event "AUTO-OPEN-4639"]
[Site "http://www.queenalice.com/game.php?id=1869434"]
[Date "2026.2.18"]
[Round "1"]
[White "bmax"]
[Black "EduardoRo"]
[Result "1-0"]
[WhiteElo "2224"]
[BlackElo "1091"]

1. d4 d5 2. Nf3 Nc6 3. e3 Bf5 4. Bb5 f6 5. O-O e6 6. Nbd2 Bb4 7. c3 Bd6 8. Re1
Ne7 9. e4 dxe4 10. Nxe4 Bxe4 11. Rxe4 a6 12. Bc4 b5 13. Bxe6 Ng6 14. Bd5+ Kf8
15. Bxc6 Ne7 16. Bxa8 Qxa8 17. Qe2 f5 18. Re6 Qd5 19. Bf4 Ng8 20. Bxd6+ Kf7 21.
Ng5# 1-0

[Event "Challenge"]
[Site "http://www.queenalice.com/game.php?id=1869492"]
[Date "2026.2.19"]
[Round "-"]
[White "Ticovi"]
[Black "EduardoRo"]
[Result "1-0"]
[WhiteElo "1421"]
[BlackElo "1094"]

1. e4 e5 2. Nf3 Nc6 3. Bb5 Nf6 4. Nc3 Bc5 5. h3 O-O 6. Bxc6 dxc6 7. Nxe5 Qd4 8.
Nd3 Re8 9. f3 Bf5 10. Ne2 Rxe4 11. fxe4 Qxe4 12. Nxc5 Qh4+ 13. g3 Qg5 14. d3 Qg6
15. Bf4 Re8 16. Qd2 b6 17. Na6 Nd5 18. O-O-O Nxf4 19. gxf4 Qe6 20. Ng3 Qxa2 21.
c3 Qxa6 22. Nxf5 Qa1+ 23. Kc2 Qa4+ 24. Kb1 c5 25. Rde1 Rxe1+ 26. Rxe1 f6 27. Qe3
Kf7 28. Qe7+ Kg6 29. Qxg7+ Kxf5 30. Qxh7+ 1-0

[Event "Challenge"]
[Site "http://www.queenalice.com/game.php?id=1869493"]
[Date "2026.2.19"]
[Round "-"]
[White "EduardoRo"]
[Black "Ticovi"]
[Result "0-1"]
[WhiteElo "1098"]
[BlackElo "1418"]

1. e4 e5 2. Nf3 Nc6 3. Bb5 d6 4. O-O Bd7 5. c3 a6 6. Bc4 Nf6 7. d3 b5 8. Bb3 h6
9. Be3 Ng4 10. Nbd2 Qf6 11. d4 Qg6 12. Nh4 Qf6 13. f3 Nxe3 14. Qe2 Nxf1 15. Qxf1
Qxh4 16. g3 Qh3 17. Qxh3 Bxh3 18. g4 exd4 19. cxd4 Nxd4 20. Kf2 Be7 21. a4 Bh4+
22. Ke3 Nxb3 23. Nxb3 O-O 24. axb5 axb5 25. Rxa8 Rxa8 0-1

[Event "Challenge"]
[Site "http://www.queenalice.com/game.php?id=1869502"]
[Date "2026.2.19"]
[Round "-"]
[White "EduardoRo"]
[Black "Ticovi"]
[Result "0-1"]
[WhiteElo "1306"]
[BlackElo "1591"]

1. e4 e5 2. Nf3 d6 3. Bc4 Nf6 4. Nc3 h6 5. O-O Nc6 6. d3 Bg4 7. Be3 a6 8. a3 b5
9. Bb3 Nh7 10. Nd5 Nf6 11. Nxf6+ Qxf6 12. h3 Bxf3 13. Qxf3 Qxf3 14. gxf3 Be7 15.
f4 O-O 16. f5 Rad8 17. f4 exf4 18. Rxf4 Bg5 19. Rf3 Bxe3+ 20. Rxe3 Nd4 21. Rf1
Nxb3 22. cxb3 Rfe8 23. Kh2 Re5 24. Rg1 Rc5 25. Rg2 Re8 26. h4 h5 27. d4 Rc1 28.
e5 dxe5 29. Rxe5 Rxe5 30. dxe5 Re1 31. e6 f6 32. Kg3 Rf1 33. Re2 Kf8 34. Rf2 Re1
35. Kf3 Ke7 36. Re2 Rxe2 37. Kxe2 g6 38. fxg6 Kxe6 39. b4 f5 40. Kf3 Kf6 41. Kf4
Kxg6 42. b3 Kf6 43. a4 c6 44. axb5 axb5 45. Ke3 Ke5 46. Kf3 f4 47. Ke2 Ke4 48.
Kf2 f3 49. Kf1 Ke3 50. Ke1 Kf4 51. Kf2 Kg4 0-1

[Event "AUTO-OPEN-4640"]
[Site "http://www.queenalice.com/game.php?id=1869617"]
[Date "2026.2.22"]
[Round "1"]
[White "EduardoRo"]
[Black "Capixabba789"]
[Result "1-0"]
[WhiteElo "1165"]
[BlackElo "1846"]

1. e4 e5 2. Nf3 d6 3. Bc4 Be7 4. O-O Nf6 5. Nc3 O-O 6. d4 exd4 7. Nxd4 Bg4 8.
Qd3 c5 9. Nf3 Nc6 10. Bg5 Ne5 11. Nxe5 dxe5 12. Qxd8 Bxd8 13. Bxf6 Bxf6 14. f3
Be6 15. Bxe6 fxe6 16. Nb5 Rf7 17. Nd6 Re7 18. Rad1 h6 19. f4 exf4 20. Rxf4 Bd4+
21. Kf1 Bxb2 22. Nc4 Bd4 23. a4 Rf8 24. Rxf8+ Kxf8 25. Ke2 Rf7 26. Rf1 Rxf1 27.
Kxf1 Ke7 28. Ke2 Kf6 29. Kd3 g5 30. Nd6 b6 31. Nc8 Be5 32. Nxa7 Bxh2 33. Nc8 Bg1
34. Nxb6 c4+ 35. Nxc4 Ba7 36. Na5 h5 37. Nc6 Bc5 38. a5 e5 39. a6 g4 40. Kc4 Bb6
41. Kb5 Be3 42. c4 h4 43. c5 h3 44. gxh3 g3 45. a7 g2 46. a8=Q g1=Q 47. Qd8+ Kg7
48. Qe7+ Kh6 49. Nxe5 Qb1+ 50. Kc6 Qxe4+ 51. Kd6 Qd4+ 52. Kc6 Qa4+ 53. Kd5 Qd4+
54. Ke6 Qxc5 55. Qf6+ Kh5 56. Qg6+ Kh4 57. Qg4# 1-0

[Event "AUTO-OPEN-4640"]
[Site "http://www.queenalice.com/game.php?id=1869618"]
[Date "2026.2.22"]
[Round "1"]
[White "Capixabba789"]
[Black "EduardoRo"]
[Result "0-1"]
[WhiteElo "1828"]
[BlackElo "1085"]

1. e4 e5 2. Nc3 Bb4 3. Nf3 Nc6 4. Be2 Nf6 5. O-O O-O 6. d3 d5 7. exd5 Nxd5 8.
Nxd5 Bd6 9. Ne3 Bg4 10. Nxg4 f5 11. Ne3 e4 12. dxe4 fxe4 13. Nd2 Qg5 14. Ndc4
Bf4 15. b3 Rad8 16. Qe1 Nd4 17. Bd1 Qh6 18. Ng4 Qg5 19. Bxf4 Rxf4 20. c3 Nf5 21.
Nge3 Nh4 22. Kh1 Rd3 23. g3 Nf3 24. gxf4 Qxf4 25. Ng2 Qxh2# 0-1

[Event "AUTO-OPEN-4641"]
[Site "http://www.queenalice.com/game.php?id=1869912"]
[Date "2026.2.27"]
[Round "1"]
[White "EduardoRo"]
[Black "maurice916"]
[Result "0-1"]
[WhiteElo "1169"]
[BlackElo "1887"]

1. e4 c6 2. d4 d5 3. e5 c5 4. c3 Nc6 5. Nf3 Bg4 6. Nbd2 e6 7. Be2 Qb6 8. Ng5
Bxe2 9. Qxe2 cxd4 10. cxd4 Nxd4 11. Qg4 Nc2+ 12. Kd1 Nxa1 13. b3 Nh6 14. Qf3 Qc5
15. Ke2 Nc2 16. Qd3 Nd4+ 17. Kf1 Qxc1# 0-1

[Event "AUTO-OPEN-4641"]
[Site "http://www.queenalice.com/game.php?id=1869913"]
[Date "2026.2.27"]
[Round "1"]
[White "maurice916"]
[Black "EduardoRo"]
[Result "1-0"]
[WhiteElo "1822"]
[BlackElo "1251"]

1. Nf3 d5 2. b3 e6 3. Bb2 Nf6 4. e3 Bc5 5. d4 Bb4+ 6. c3 Bd6 7. Nbd2 O-O 8. Bd3
Nc6 9. O-O e5 10. dxe5 Bxe5 11. Nxe5 Nxe5 12. Bc2 Bg4 13. f3 Be6 14. c4 dxc4 15.
Bxe5 cxb3 16. Nxb3 Qxd1 17. Rfxd1 c6 18. Bxf6 gxf6 19. Rd4 Bxb3 20. axb3 b5 21.
Rh4 Rfe8 22. Ra6 Rxe3 23. Rxc6 Rae8 24. Bxh7+ Kf8 25. Be4 Rxb3 26. Rh8+ Ke7 27.
Rxe8+ Kxe8 28. Ra6 Ke7 29. Rxa7+ Ke6 30. Ra1 b4 31. Rd1 Ke5 32. Rd5+ Ke6 33. Rd8
Rc3 34. Rd1 Ke5 35. Rd5+ Ke6 36. Rb5 f5 37. Bxf5+ Kf6 38. Be4 b3 39. Kf2 Ke6 40.
Bd5+ Ke7 41. Rxb3 Rxb3 42. Bxb3 f5 43. Ke3 Kf6 44. Kf4 Kg6 45. Bc2 Kh5 46. Bxf5
Kh4 47. g3+ Kh5 48. h3 Kh6 49. g4 Kg7 50. g5 Kh8 51. h4 Kg7 52. h5 Kg8 53. Ke5
Kg7 54. Ke6 Kg8 55. Ke7 Kg7 56. h6+ Kg8 57. g6 1-0

[Event "AUTO-OPEN-4641"]
[Site "http://www.queenalice.com/game.php?id=1869914"]
[Date "2026.2.27"]
[Round "1"]
[White "EduardoRo"]
[Black "zubarev"]
[Result "0-1"]
[WhiteElo "1167"]
[BlackElo "1691"]

1. e4 e5 2. Nf3 Nc6 3. Bc4 Be7 4. O-O Nf6 5. d3 d6 6. Be3 Bg4 7. h3 Bh5 8. g4
Nxg4 9. hxg4 Bxg4 10. Kg2 Na5 11. Rh1 Qd7 12. Qg1 Nxc4 13. dxc4 Qc6 14. Nbd2 h5
15. Rh4 O-O-O 16. b4 Qa4 17. c3 Qd7 18. Rh2 f5 19. Kf1 Kb8 20. Ne1 f4 21. c5
fxe3 22. fxe3 Rdf8+ 23. Rf2 Qb5+ 24. Kg2 Qd7 25. Rxf8+ Rxf8 26. Nd3 Be2 27. Nb2
Rf6 28. Re1 Rg6+ 0-1

[Event "AUTO-OPEN-4641"]
[Site "http://www.queenalice.com/game.php?id=1869915"]
[Date "2026.2.27"]
[Round "1"]
[White "zubarev"]
[Black "EduardoRo"]
[Result "1-0"]
[WhiteElo "1735"]
[BlackElo "1249"]

1. d4 d5 2. Nc3 Nf6 3. Nf3 e6 4. e3 Bb4 5. Bd2 O-O 6. Bd3 Nc6 7. O-O Qe7 8. a3
Bd6 9. e4 dxe4 10. Nxe4 Nxe4 11. Bxe4 Bd7 12. c4 f5 13. Bd3 Qf6 14. Bc3 Qg6 15.
c5 Be7 16. Re1 Bg5 17. Bb5 Bf4 18. d5 exd5 19. Qxd5+ Qf7 20. Qd3 a6 21. Ba4 b5
22. cxb6 cxb6 23. Bb3 Qxb3 24. Qxd7 Bh6 25. Qxc6 Rac8 26. Qe6+ Qxe6 27. Rxe6 Rb8
28. Rd1 a5 29. g3 Kf7 30. Rc6 Rb7 31. Rdd6 Kg8 32. Rxb6 Rxb6 33. Rxb6 f4 34.
Bxa5 fxg3 35. Kg2 Rf6 36. Rxf6 gxf6 37. hxg3 Kf7 38. Bd2 Bxd2 39. Nxd2 Kg6 40.
a4 h5 41. a5 Kg5 42. a6 f5 43. a7 Kg4 44. a8=Q f4 45. Qf3+ Kg5 46. Ne4+ Kf5 47.
Qxf4+ Kg6 48. b4 h4 49. b5 hxg3 50. fxg3 Kg7 51. Qf6+ Kg8 52. Qe7 1-0

[Event "AUTO-OPEN-4641"]
[Site "http://www.queenalice.com/game.php?id=1869916"]
[Date "2026.2.27"]
[Round "1"]
[White "EduardoRo"]
[Black "josebaron"]
[Result "0-1"]
[WhiteElo "1145"]
[BlackElo "2165"]

1. e4 e5 2. Nf3 Nc6 3. Bb5 d6 4. O-O Nf6 5. Nc3 Be7 6. d4 exd4 7. Nxd4 Bd7 8.
Bf4 O-O 9. Qf3 Nxd4 10. Qg3 Bxb5 11. Nxb5 Ne2+ 0-1